Statistiques concernant Arc One Piece

Cliquez ici pour prendre le quiz!

Statistiques générales

  • Ce quiz a été pris 1 268 fois
  • Le résultat moyen est 20 sur 31

Statistiques - réponses

Réponse% Correct
Alabasta
87%
Marineford
86%
Post Marineford
86%
Dressrosa
80%
Arlong
77%
Enies Lobby
77%
Impel Down
77%
Water Seven
77%
Whole Cake
74%
Baratie
73%
Punk Hazard
72%
Wano Kuni
72%
Zou
72%
Île des Hommes-Poissons
71%
Post Enies Lobby
70%
Thriller Bark
70%
Retour à Sabaody
69%
Sabaody
68%
Skypiea
67%
Royaume de Drum
59%
Amazon Lily
58%
Loguetown
55%
Capitaine Kuro
50%
Baggy Le Clown
48%
Little Garden
47%
Rêverie
47%
Jaya
46%
Davy Back Fight
36%
Whiskey Peak
36%
Romance Dawn
33%
Laboon
32%

Distribution des résultats

Percentile par nombre de réponses

% des personnes avec chaque résultat

Votre développement - résultats

Vous n’avez pas pris ce quiz